La relación entre el comercio interregional y la conectividad del transporte en España (Registro nro. 31587)
[ vista simple ]
| 000 -LEADER | |
|---|---|
| fixed length control field | 00477 a2200133 4500 |
| 001 - CONTROL NUMBER | |
| control field | ART_34365 |
| 005 - DATE AND TIME OF LATEST TRANSACTION | |
| control field | 20260410162004.0 |
| 008 - FIXED-LENGTH DATA ELEMENTS--GENERAL INFORMATION | |
| fixed length control field | 260409a |
| 100 1# - MAIN ENTRY--PERSONAL NAME | |
| Personal name | Alamá Sabater, Luisa |
| 245 10 - TITLE STATEMENT | |
| Title | La relación entre el comercio interregional y la conectividad del transporte en España |
| 700 1# - ADDED ENTRY--PERSONAL NAME | |
| Personal name | Márquez Ramos, Laura |
| 700 1# - ADDED ENTRY--PERSONAL NAME | |
| Personal name | Suárez Burguet, Celestino |
| 773 0# - HOST ITEM ENTRY | |
| Title | Revista de economía y estadística |
| Related parts | - Vol. XLIX, Nº 1 (jun. 2011) |
| Record control number | REV34359 |
No hay ítems disponibles.